El derecho administrativo /

Guardado en:
Autor Principal: Weil, Prosper
Otros Autores: Retortillo, Lorenzo Martín., Rodríguez Zuñiga, Luis, (trad.)
Formato: Desconocido
Idioma:Spanish
Publicado: Madrid : Taurus, 1966
Series:Cuadernos taurus 74
Materias:
Etiquetas: Agregar Etiqueta
Sin Etiquetas, Sea el primero en etiquetar este registro!
LEADER 00511nac a22001695a 4500
001 DER.der001576
008 180615s1966####ag#||||||||||||||#||spa||
005 20241106103316.0
245 1 0 |a El derecho administrativo /  |c Prosper Weil 
260 |a Madrid :  |b Taurus,  |c 1966 
300 |a 128 p. 
440 0 |a Cuadernos taurus  |v 74 
100 1 |a Weil, Prosper 
700 1 |a Retortillo, Lorenzo Martín. 
700 1 |a Rodríguez Zuñiga, Luis,  |e trad. 
650 7 |a DERECHO ADMINISTRATIVO 
859 |a DERECHO  |b BIB. DERECHO  |h 342  |i WEI  |p 003637